Proporcionalidad y pluralismo político 1984-1995 /
Guardat en:
| Autor principal: | |
|---|---|
| Format: | Text |
| Matèries: | |
| Etiquetes: |
Afegir etiqueta
Sense etiquetes, Sigues el primer a etiquetar aquest registre!
|
MARC
| LEADER | 00000 a a2200000 04500 | ||
|---|---|---|---|
| 001 | 7312 | ||
| 003 | |||
| 040 | |||
| 100 | |a Cavadías, Emis | ||
| 245 | |a Proporcionalidad y pluralismo político 1984-1995 / |c Emis Cavadías | ||
| 650 | |a SISTEMAS ELECTORALES | ||
| 650 | |a METODOS DE INVESTIGACION | ||
| 650 | |a TEORIA | ||
| 650 | |a ELECCIONES | ||
| 773 | |g volumen 11, número 4; páginas 707-732 | ||
| 999 | |c 21782 |d 21782 | ||
